Districts of the Turks and Caicos Islands on a map - Statistics

General Stats
  • This quiz has been taken 38 times
  • The average score is 6 of 6
Answers on the Map
Answers color-coded by a green-red scale on the quiz's map according to % correct below.
 
Answer Stats
Answer % Correct
Grand Turk
100%
North Caicos
100%
South Caicos
100%
Middle Caicos
90%
Providenciales
80%
Salt Cay
80%
No matching quizzes found
Score Distribution
Percent of People with Each Score
Percentile by Number Answered
Your Score History
You have not taken this quiz